000
00339nam a22001457a 4500
008
221207b ||||| |||| 00| 0 eng d
020
_a
9780801856525
041
_a
eng
080
_2
FOURTH EDITION
_a
611
082
_a
611SCH
100
_a
10
101
_a
ANATOM
245
_a
HUMAN FUNCTIONAL ANATOMY
_c
SCHLOSSBERG L
942
_2
udc
_c
BK
999
_c
59126
_d
59126